Migration statistics: immigrants and visitors (Record no. 77651)
[ view plain ]
| 000 -LEADER | |
|---|---|
| fixed length control field | 01442nam a2200229 a 4500 |
| 008 - FIXED-LENGTH DATA ELEMENTS--GENERAL INFORMATION | |
| fixed length control field | 090226s1977 ||||||||||||||||| || u |
| 050 ## - LIBRARY OF CONGRESS CALL NUMBER | |
| Classification number | GOV.ZAM(058)MSIV/1978 |
| 110 ## - MAIN ENTRY--CORPORATE NAME | |
| Corporate name or jurisdiction name as entry element | Government of the Republic of Zambia. Central Statistical Office |
| 245 10 - TITLE STATEMENT | |
| Title | Migration statistics: immigrants and visitors |
| 260 ## - PUBLICATION, DISTRIBUTION, ETC. | |
| Place of publication, distribution, etc. | Lusaka |
| Name of publisher, distributor, etc. | Central Statistical Office (CSO) - Zambia |
| Date of publication, distribution, etc. | 1977 |
| 300 ## - PHYSICAL DESCRIPTION | |
| Extent | 24p. |
| 350 ## - | |
| -- | 0.00 |
| 500 ## - GENERAL NOTE | |
| General note | Library Holdings: 1976; 1977; 1978; 1980; 1990 |
| 650 #3 - SUBJECT ADDED ENTRY--TOPICAL TERM | |
| Topical term or geographic name entry element | P0PULATION STATISTICS |
| 650 ## - SUBJECT ADDED ENTRY--TOPICAL TERM | |
| Topical term or geographic name entry element | MIGRATION--ZAMBIA |
| 710 ## - ADDED ENTRY--CORPORATE NAME | |
| Corporate name or jurisdiction name as entry element | Government of the Republic of Zambia (GRZ) |
| 995 ## - | |
| -- | SPECIAL COLLECTIONS |
| -- | 0.00 |
| -- | 03003745 |
| -- | CBU-MAIN LIBRARY (Kitwe) |
| -- | 1 |
| -- | 0.00 |
| -- | GOV.ZAM(058)MSIV/1991 |
| -- | 5 |
| -- | AVAILABLE |
| -- | Feb 26, 2009 |
| -- | 03003745 |
| -- | Zambiana Collection |
| 995 ## - | |
| -- | SPECIAL COLLECTIONS |
| -- | 0.00 |
| -- | 03003742 |
| -- | CBU-MAIN LIBRARY (Kitwe) |
| -- | 1 |
| -- | 0.00 |
| -- | GOV.ZAM(058)MSIV/1978 |
| -- | 2 |
| -- | AVAILABLE |
| -- | Feb 26, 2009 |
| -- | 03003742 |
| -- | Zambiana Collection |
| 995 ## - | |
| -- | SPECIAL COLLECTIONS |
| -- | 0.00 |
| -- | 03003741 |
| -- | CBU-MAIN LIBRARY (Kitwe) |
| -- | 1 |
| -- | 0.00 |
| -- | GOV.ZAM(058)MSIV/1977 |
| -- | 1 |
| -- | AVAILABLE |
| -- | Feb 26, 2009 |
| -- | 03003741 |
| -- | Zambiana Collection |
| 995 ## - | |
| -- | SPECIAL COLLECTIONS |
| -- | 0.00 |
| -- | 03003744 |
| -- | CBU-MAIN LIBRARY (Kitwe) |
| -- | 1 |
| -- | 0.00 |
| -- | GOV.ZAM(058)MSIV/1982 |
| -- | 4 |
| -- | AVAILABLE |
| -- | Feb 26, 2009 |
| -- | 03003744 |
| -- | Zambiana Collection |
| 995 ## - | |
| -- | SPECIAL COLLECTIONS |
| -- | 0.00 |
| -- | 03003743 |
| -- | CBU-MAIN LIBRARY (Kitwe) |
| -- | 1 |
| -- | 0.00 |
| -- | GOV.ZAM(058)MSIV/1980 |
| -- | 3 |
| -- | AVAILABLE |
| -- | Feb 26, 2009 |
| -- | 03003743 |
| -- | Zambiana Collection |
| 999 ## - | |
| -- | 77651 |
| -- | 77651 |
| Withdrawn status | Lost status | Source of classification or shelving scheme | Damaged status | Not for loan | Permanent Location | Current Location | Shelving location | Date acquired | Total Checkouts | Full call number | Barcode | Date last seen | Copy number | Price effective from | Koha item type |
|---|---|---|---|---|---|---|---|---|---|---|---|---|---|---|---|
| CBU-MAIN LIBRARY, KITWE. | CBU-MAIN LIBRARY, KITWE. | 05/03/2023 | GOV.ZAM(058)MSIV/1991 | 03003745 | 05/03/2023 | 1 | 05/03/2023 | SPECIAL COLLECTION | |||||||
| CBU-MAIN LIBRARY, KITWE. | CBU-MAIN LIBRARY, KITWE. | 05/03/2023 | GOV.ZAM(058)MSIV/1978 | 03003742 | 05/03/2023 | 2 | 05/03/2023 | SPECIAL COLLECTION | |||||||
| CBU-MAIN LIBRARY, KITWE. | CBU-MAIN LIBRARY, KITWE. | 05/03/2023 | GOV.ZAM(058)MSIV/1977 | 03003741 | 05/03/2023 | 3 | 05/03/2023 | SPECIAL COLLECTION | |||||||
| CBU-MAIN LIBRARY, KITWE. | CBU-MAIN LIBRARY, KITWE. | 05/03/2023 | GOV.ZAM(058)MSIV/1982 | 03003744 | 05/03/2023 | 4 | 05/03/2023 | SPECIAL COLLECTION | |||||||
| CBU-MAIN LIBRARY, KITWE. | CBU-MAIN LIBRARY, KITWE. | 05/03/2023 | GOV.ZAM(058)MSIV/1980 | 03003743 | 05/03/2023 | 5 | 05/03/2023 | SPECIAL COLLECTION |